The report card (Record no. 112680)

MARC details
000 -LÍDER
campo de controle de tamanho fixo 00856 a2200313 4500
001 - NÚMERO DE CONTROLE
campo de controle 112680
020 ## - ISBN - INTERNATIONAL STANDARD BOOK NUMBER
ISBN - International Standard Book Number 0689845154
020 ## - ISBN - INTERNATIONAL STANDARD BOOK NUMBER
ISBN - International Standard Book Number 9780439906784
041 ## - CÓDIGO DE IDIOMA
Código do idioma do texto/trilha sonora ou título diferente por
090 ## - NÚMERO DE CHAMADA LOCAL
Número de chamada (OCLC) (R); Número de chamada, CALL (RLIN) (NR) L Year 5 [Fic]
092 ## - CLASSIFICAÇÃO DE DEWEY ATRIBUÍDA LOCALMENTE (OCLC)
Número de Classificação 2003007384
040 ## - FONTE DA CATALOGAÇÃO
Instituição da catalogação original BR-BrIDEA
Instituição que transcreveu o registro BR-BrIDEA
100 ## - ENTRADA PRINCIPAL--NOME PESSOAL
Nome pessoal Clements, Andrew.
250 ## - EDIÇÃO
Edição 1st ed.
245 10 - TÍTULO
Título The report card
Indicação de responsabilidade, etc. Andrew Clements
260 ## - PUBLICAÇÃO, DISTRIBUIÇÃO, ETC.
Local de publicação, distribuição, etc. [S.l.]
Nome do editor, distribuidor, etc. Scholastic
Data da publicação, distribuição, etc. 2004
300 ## - DESCRIÇÃO FÍSICA
Extensão 173 p.
490 ## - TÍTULO DA SÉRIE
Título da série Literacy place: level R
697 ## - ENTRADA DE ASSUNTO LOCAL--ENTIDADE COLETIVA (RLIN)
Nome corporativo ou nome da jurisdição Achievement tests - Fiction.
697 ## - ENTRADA DE ASSUNTO LOCAL--ENTIDADE COLETIVA (RLIN)
Nome corporativo ou nome da jurisdição Genius - Fiction.
697 ## - ENTRADA DE ASSUNTO LOCAL--ENTIDADE COLETIVA (RLIN)
Nome corporativo ou nome da jurisdição Schools - Fiction.
697 ## - ENTRADA DE ASSUNTO LOCAL--ENTIDADE COLETIVA (RLIN)
Nome corporativo ou nome da jurisdição Friendship - Fiction.
697 ## - ENTRADA DE ASSUNTO LOCAL--ENTIDADE COLETIVA (RLIN)
Nome corporativo ou nome da jurisdição Grading and marking (Education) - Fiction.
697 ## - ENTRADA DE ASSUNTO LOCAL--ENTIDADE COLETIVA (RLIN)
Nome corporativo ou nome da jurisdição Grading and marking (Students) - Fiction.
697 ## - ENTRADA DE ASSUNTO LOCAL--ENTIDADE COLETIVA (RLIN)
Nome corporativo ou nome da jurisdição School stories.
830 ## - ENTRADA SECUNDÁRIA DE SÉRIE--TÍTULO UNIFORME
Título uniforme Literacy place: level R
856 ## - LOCALIZAÇÃO ELETRÔNICA E ACESSO
Uniform Resource Identifier <a href="000022/00002209.jpg">000022/00002209.jpg</a>
942 ## - ELEMENTOS DE ENTRADA ADICIONADOS (KOHA)
Tipo de material Koha Livros
Holdings
Situação do descarte Situação das perdas Fonte da classificação ou esquema de arquivamento na estante Situação física Não pode ser emprestado Biblioteca de origem Biblioteca atual Data de aquisição Total de empréstimos Número de chamada completo Código de barras Data de último acesso Data do preço efetivo Tipo de material Koha
    Classificação Decimal de Dewey     ECB - SUDOESTE ECB - SUDOESTE 25/02/2019   L Year 5 [Fic] 00042402SSW 23/01/2024 23/01/2024 Textbook
    Classificação Decimal de Dewey     ECB - SUDOESTE ECB - SUDOESTE 25/02/2019   L Year 5 [Fic] 00042405SSW 23/01/2024 23/01/2024 Textbook
    Classificação Decimal de Dewey     ECB - SUDOESTE ECB - SUDOESTE 25/02/2019   L Year 5 [Fic] 00042403SSW 23/01/2024 23/01/2024 Textbook
    Classificação Decimal de Dewey     ECB - SUDOESTE ECB - SUDOESTE 25/02/2019   L Year 5 [Fic] 00042401SSW 23/01/2024 23/01/2024 Textbook
    Classificação Decimal de Dewey     ECB - SUDOESTE ECB - SUDOESTE 25/02/2019   L Year 5 [Fic] 00042406SSW 23/01/2024 23/01/2024 Textbook
    Classificação Decimal de Dewey     ECB - SUDOESTE ECB - SUDOESTE 25/02/2019   L Year 5 [Fic] 00042404SSW 23/01/2024 23/01/2024 Textbook